All India Seminar on Cooperative Industrial Estates (Record no. 73031)

MARC details
000 -LEADER
fixed length control field 00821cam a22002291 4500
001 - CONTROL NUMBER
control field sa 67002081
003 - CONTROL NUMBER IDENTIFIER
control field DLC
005 - DATE AND TIME OF LATEST TRANSACTION
control field 20260227112328.0
008 - FIXED-LENGTH DATA ELEMENTS--GENERAL INFORMATION
fixed length control field 860130s1964 ii a 000 0 eng
010 ## - LIBRARY OF CONGRESS CONTROL NUMBER
LC control number sa 67002081
035 ## - SYSTEM CONTROL NUMBER
System control number (OCoLC)13082610
040 ## - CATALOGING SOURCE
Original cataloging agency DLC
Transcribing agency CU
Modifying agency DLC
042 ## - AUTHENTICATION CODE
Authentication code premarc
050 00 - LIBRARY OF CONGRESS CALL NUMBER
Classification number HD3538
Item number .A65
110 2# - MAIN ENTRY--CORPORATE NAME
Corporate name or jurisdiction name as entry element All India Seminar on Cooperative Industrial Estates
Date of meeting or treaty signing (1964 :
Location of meeting Kolhapur, India)
245 10 - TITLE STATEMENT
Title All India Seminar on Cooperative Industrial Estates
Remainder of title [Report of the proceedings, recommendations and background papers]
260 ## - PUBLICATION, DISTRIBUTION, ETC.
Place of publication, distribution, etc. New Delhi,
Name of publisher, distributor, etc. National Cooperative Union of India
Date of publication, distribution, etc. [1964]
300 ## - PHYSICAL DESCRIPTION
Extent 105 p.
Other physical details illus.
Dimensions 24 cm.
500 ## - GENERAL NOTE
General note Convened by the National Cooperative Union of India.
650 #0 - SUBJECT ADDED ENTRY--TOPICAL TERM
Topical term or geographic name entry element Cooperation
Geographic subdivision India.
710 2# - ADDED ENTRY--CORPORATE NAME
Corporate name or jurisdiction name as entry element National Cooperative Union of India.

No items available.

Powered by Koha